000 00649nam a2200217 a 4500
001 19427
003 CO-ViMGA
008 141112s2004 ck r 000 u spa d
020 _a9706250921
040 _aCO-ViMGA
_bspa
_cCO-ViMGA
082 0 4 _a510.7 F743m
100 1 _aFridman, Lev
_927976
245 1 0 _aMetodología para resolver problemas de matemáticas
260 _aNebraska :
_bGrupo Ed. IberoAméricano; 2001
300 _a194 p.
490 _aDidáctica
590 _aForma de adquisición : Premio Mincultura
650 1 4 _aMATEMATICAS - PROBLEMAS, EJERCICIOS, ETC.
_927977
650 1 4 _aMETODOS DE ENSEÑANZA
_94790
942 _2ddc
_cBK
999 _c28573
_d28573